Central Library OPAC University of Rajshahi

Organic chemistry / (Record no. 72265)

MARC details
000 -LEADER
fixed length control field 00707nam a2200241 a 4500
001 - CONTROL NUMBER
control field 72265
003 - CONTROL NUMBER IDENTIFIER
rucl marc code BD-RjUL
005 - DATE AND TIME OF LATEST TRANSACTION
control field 20211209082235.0
008 - FIXED-LENGTH DATA ELEMENTS--GENERAL INFORMATION
fixed length control field 170516r19551953enka 001 0 eng d
035 ## - SYSTEM CONTROL NUMBER
System control number (BD-RjUL)72482
040 ## - CATALOGING SOURCE
Original cataloging agency DLC
Transcribing agency MiMarqN
Modifying agency DLC
-- BD-RjUL
Language of cataloging eng
041 ## - LANGUAGE CODE
Language code of text/sound track or separate title eng
082 ## - DEWEY DECIMAL CLASSIFICATION NUMBER
Classification number 547
Author mark and year TAO 1945
Edition number 23
100 1# - MAIN ENTRY--PERSONAL NAME
Personal name Taylor, F. Sherwood
Fuller form of name (Frank Sherwood),
Dates associated with a name 1897-1956.
9 (RLIN) 21816
245 10 - TITLE STATEMENT
Title Organic chemistry /
Statement of responsibility, etc. by F. Sherwood Taylor.
250 ## - EDITION STATEMENT
Edition statement 5th ed.
260 ## - PUBLICATION, DISTRIBUTION, ETC. (IMPRINT)
Place of publication, distribution, etc. London :
Name of publisher, distributor, etc. W. Heinemann ltd.,
Date of publication, distribution, etc. c1953 [reprinted1955].
300 ## - PHYSICAL DESCRIPTION
Pagination xi, 612 p. :
Illustrations ill. ;
Size 23 cm.
500 ## - GENERAL NOTE
General note Includes index.
650 #0 - SUBJECT ADDED ENTRY--TOPICAL TERM
Topical term or geographic name as entry element Chemistry, Organic.
9 (RLIN) 35263
942 ## - ADDED ENTRY ELEMENTS (KOHA)
Source of classification or shelving scheme Dewey Decimal Classification
Koha item type Books
Holdings
Lost status Source of classification or shelving scheme Damaged status Not for loan Collection code Permanent Location Current Location Shelving location Date acquired Source of acquisition Cost, normal purchase price Total Checkouts Full call number Date last seen Copy number Koha item type
  Dewey Decimal Classification   Not For Loan Non-fiction Central Library, University of Rajshahi Central Library, University of Rajshahi Reading Room 23/05/1957 Pul United Ltd. 46.00   547 TAO 1955 16/05/2017 C-2 Books